Online Catalogue and eLibrary

The roots of nationalism : (Record no. 220)

MARC details
000 -LEADER
fixed length control field 00664cam a2200229 a 4500
001 - CONTROL NUMBER
control field 4485655
005 - DATE AND TIME OF LATEST TRANSACTION
control field 20240130004203.0
008 - FIXED-LENGTH DATA ELEMENTS--GENERAL INFORMATION
fixed length control field 960516s1995 ce b b 001 0 eng
020 ## - INTERNATIONAL STANDARD BOOK NUMBER
ISBN 9559098209
040 ## - CATALOGING SOURCE (பட்டியலாக்க மூலம்)
Original cataloging agency DLC
Transcribing agency DLC
Modifying agency DLC
082 ## - DDC Classification
DDC Edition Number 22
Class No. 305.8
Item Number - Author Mark ANA.
100 1# - MAIN ENTRY--PERSONAL NAME
Personal name Wickremeratne, Ananda.
245 14 - TITLE STATEMENT
Title The roots of nationalism :
Remainder of title Sri Lanka /
Statement of responsibility, etc. Ananda Wickremeratne.
260 ## - PUBLICATION, DISTRIBUTION, ETC.
Place of publication, distribution, etc. Colombo :
Name of publisher, distributor, etc. Karunaratne & Sons Ltd.,
Date of publication, distribution, etc. 1995.
300 ## - PHYSICAL DESCRIPTION
Extent (e.g. Volumes, Pages etc.) xvii, 313 p. :
500 ## - GENERAL NOTE
General note "Theology Department, Loyola University, Chicago, USA."
650 #0 - SUBJECT ADDED ENTRY--TOPICAL TERM
Topical term or geographic name entry element Nationalism
650 #0 - SUBJECT ADDED ENTRY--TOPICAL TERM
Topical term or geographic name entry element Nationalism and education
650 #0 - SUBJECT ADDED ENTRY--TOPICAL TERM
Topical term or geographic name entry element Nationalism
650 #0 - SUBJECT ADDED ENTRY--TOPICAL TERM
Topical term or geographic name entry element Education
942 ## - Koha item type (Biblio)
Koha item type Books in Stacks (Lending)
Holdings
Lost status Damaged status Collection code Home library Current library Date acquired Full call number Accession Number Item type
    Lending WERC Library WERC Library 01/30/2024 305.8 ANA. 2633 Books in Stacks (Lending)

© WERC Library